<?xml version="1.0" encoding="UTF-8"?>
<record
    xmlns:xsi="http://www.w3.org/2001/XMLSchema-instance"
    xsi:schemaLocation="http://www.loc.gov/MARC21/slim http://www.loc.gov/standards/marcxml/schema/MARC21slim.xsd"
    xmlns="http://www.loc.gov/MARC21/slim">

  <leader>00595caa a22001812a 4500</leader>
  <controlfield tag="001">  014818</controlfield>
  <controlfield tag="003">  AR-FADEU</controlfield>
  <controlfield tag="008">  311216n########xxu####################dd</controlfield>
  <datafield tag="092" ind1=" " ind2=" ">
    <subfield code="a">813.54</subfield>
    <subfield code="b">C246</subfield>
  </datafield>
  <datafield tag="100" ind1=" " ind2=" ">
    <subfield code="a">Capote, Truman</subfield>
  </datafield>
  <datafield tag="245" ind1=" " ind2=" ">
    <subfield code="a">A christmas memory</subfield>
  </datafield>
  <datafield tag="300" ind1=" " ind2=" ">
    <subfield code="a">PP 141-157</subfield>
  </datafield>
  <datafield tag="500" ind1=" " ind2=" ">
    <subfield code="a">En: Breakfast at Tiffany's / Truman Capote. New York, Penguin Books, 1958 </subfield>
  </datafield>
  <datafield tag="650" ind1=" " ind2=" ">
    <subfield code="a">LITERATURA ESTADOUNIDENSE-SIGLO XX; NOVELA/REVISADO/</subfield>
  </datafield>
  <datafield tag="546" ind1=" " ind2=" ">
    <subfield code="a">Ingl&#xE9;s</subfield>
  </datafield>
  <datafield tag="942" ind1=" " ind2=" ">
    <subfield code="c">BDGR</subfield>
  </datafield>
  <datafield tag="999" ind1=" " ind2=" ">
    <subfield code="c">20578</subfield>
    <subfield code="d">20578</subfield>
  </datafield>
  <datafield tag="773" ind1="0" ind2=" ">
    <subfield code="0">20573</subfield>
    <subfield code="9">20445</subfield>
    <subfield code="a">Capote, Truman</subfield>
    <subfield code="b"></subfield>
    <subfield code="d">New York</subfield>
    <subfield code="o">04697</subfield>
    <subfield code="t">Breakfast at Tiffany's</subfield>
    <subfield code="w">(  AR-FADEU)  014813</subfield>
    <subfield code="x"></subfield>
    <subfield code="z"></subfield>
  </datafield>
</record>
